00450cam a2200157ua 45000010005000000080039000050400009000440820013000531000032000662450059000982500009001572600047001663000017002136530027002306530035002574105111215n ii |||gr||||Z||||||asm cMAIN a891.4513 aBorgohain, Homen,eEditor.,11aAsomiya galpa sankalan (Vol-I)ced. by Homen Borgohain a3rd. aGuwahati:bPublication Board Assam,c2004. a244p:c25cm. aAssamese short stories aAsomiya galpa sankalan (Vol-I)